[Event "Let's Play Chess!"]
[Site "http://www.queenalice.com/game.php?id=1171620"]
[Date "2013.4.15"]
[Round "-"]
[White "Aldino"]
[Black "Ducato"]
[Result "1-0"]
[WhiteElo "2147"]
[BlackElo "1100"]

1. e4 e5 2. Nf3 d6 3. c3 Nf6 4. d3 Be6 5. Be2 Be7 6. Ng5 O-O 7. Nxe6 fxe6 8. Qb3
Qc8 9. Nd2 d5 10. O-O dxe4 11. dxe4 Nbd7 12. Qxe6+ Kh8 13. Qxe7 Ng8 14. Qg5 Qe8
15. Nf3 Ndf6 16. Qxe5 Qc6 17. Bd3 Rad8 18. Nd4 Qd7 19. Rd1 Rde8 20. Qf5 Qa4 21.
b3 1-0

[Event "Let's Play !"]
[Site "http://www.queenalice.com/game.php?id=1172440"]
[Date "2013.4.17"]
[Round "-"]
[White "digger"]
[Black "Ducato"]
[Result "1-0"]
[WhiteElo "1465"]
[BlackElo "1091"]

1. e4 e5 2. c3 Bb4 3. cxb4 Nf6 4. d3 O-O 5. Qf3 d5 6. Nd2 c6 7. h3 d4 8. Nc4 Na6
9. a3 Be6 10. Nxe5 Bb3 11. Be2 c5 12. b5 Nc7 13. a4 Re8 14. Bd2 Rxe5 15. Bf4 Re7
16. e5 Nfd5 17. Bg5 Ne6 18. Bxe7 Nxe7 19. Qxb7 Nd5 20. Bf3 Qa5+ 21. Kf1 Qd8 22.
Qc6 Ndc7 23. Qd6 Qe8 24. Bxa8 Qxa8 25. Ra3 Bd1 26. f3 Bc2 27. Qc6 Qd8 28. Qe4
Ng5 29. Qf4 Nce6 30. Qd2 h6 31. Qxc2 Qd5 32. h4 Nxf3 33. gxf3 Qxe5 34. Ne2 Qe3
35. Rh3 Kh7 36. Kg2 1-0

[Event "Let's Play !"]
[Site "http://www.queenalice.com/game.php?id=1172449"]
[Date "2013.4.17"]
[Round "-"]
[White "digger"]
[Black "Ducato"]
[Result "1-0"]
[WhiteElo "1523"]
[BlackElo "1091"]

1. c3 e5 2. e4 Nf6 3. d3 d5 4. Qf3 Be6 5. Bg5 d4 6. Bxf6 gxf6 7. Ne2 Bg7 8. g4
O-O 9. c4 c6 10. Nd2 Na6 11. Bh3 Qa5 12. a3 Bh6 13. O-O-O Nc5 14. Ng3 Bg7 15.
Nh5 b5 16. Nxf6+ Kh8 17. Rhg1 Qd8 18. Nh5 Qg5 19. Nxg7 Qxg7 20. b4 Na4 21. c5
Nc3 22. Rde1 Na2+ 23. Kb2 Qg5 24. Qe2 a5 25. bxa5 Nc3 26. Nb1 Na4+ 27. Kc2 Nxc5
28. f3 Bb3+ 29. Kb2 Rxa5 30. Qd2 Rfa8 31. Qxg5 Ne6 32. Qf6+ Ng7 33. Kxb3 c5 34.
Qxe5 c4+ 35. Kb4 1-0

[Event "Let's Play Chess!"]
[Site "http://www.queenalice.com/game.php?id=1172454"]
[Date "2013.4.17"]
[Round "-"]
[White "Ducato"]
[Black "dnptrs"]
[Result "0-1"]
[WhiteElo "1091"]
[BlackElo "2154"]

1. d4 Nf6 2. e3 d5 3. Nc3 e6 4. Bd3 c5 5. Nf3 Be7 6. O-O Nc6 7. Ng5 h6 8. Nh3
O-O 9. Nf4 cxd4 10. Nce2 e5 11. Nh3 a6 12. exd4 e4 13. Nhf4 Bg4 14. h3 Bf5 15.
Ng3 Nxd4 16. Be2 Nxe2+ 17. Ngxe2 Bd6 18. Ng3 Bd7 19. b3 Bc6 20. Be3 Be5 21. Nf5
Bxa1 22. Qxa1 Bb5 23. c4 Bd7 24. Nd6 Qc7 25. c5 Bc6 26. Qe5 Rae8 27. Ra1 Rxe5
28. Nd3 exd3 29. Bf4 Nd7 30. Bh2 f6 0-1

[Event "AUTO-OPEN-2969"]
[Site "http://www.queenalice.com/game.php?id=1172722"]
[Date "2013.4.17"]
[Round "1"]
[White "Ducato"]
[Black "nuage"]
[Result "0-1"]
[WhiteElo "1091"]
[BlackElo "1517"]

1. d4 d5 2. Be3 Nf6 3. Nc3 e6 4. Bg5 Be7 5. e3 Nbd7 6. Nf3 O-O 7. Bd3 h6 8. O-O
hxg5 9. Nxg5 Bb4 10. Ne2 Nb6 11. a3 Bd6 12. b4 e5 13. c3 e4 14. Bb1 Ng4 15. Nh3
Bxh2+ 16. Kh1 Bd6 17. Qc2 Nc4 18. f4 Ngxe3 19. Qc1 Nxf1 20. Qxf1 Nd2 21. Qc1 e3
22. Bd3 Qh4 23. Ng1 Bxf4 0-1

[Event "AUTO-OPEN-2969"]
[Site "http://www.queenalice.com/game.php?id=1172723"]
[Date "2013.4.17"]
[Round "1"]
[White "nuage"]
[Black "Ducato"]
[Result "1-0"]
[WhiteElo "1453"]
[BlackElo "1100"]

1. Nf3 g6 2. g3 Bg7 3. Bg2 Nf6 4. d4 O-O 5. O-O Nc6 6. Bg5 d5 7. Nbd2 Ng4 8. h3
Nf6 9. Nb3 Bf5 10. Nc5 Nd7 11. Nxb7 Qb8 12. Nc5 Qxb2 13. Nxd7 Bxd7 14. e3 f6 15.
Bf4 Qb6 16. Nd2 1-0

[Event "AUTO-OPEN-2969"]
[Site "http://www.queenalice.com/game.php?id=1172724"]
[Date "2013.4.17"]
[Round "1"]
[White "Ducato"]
[Black "CCapivara"]
[Result "0-1"]
[WhiteElo "1091"]
[BlackElo "2044"]

1. g3 d5 2. Bg2 c5 3. Nf3 Nc6 4. O-O e5 5. d3 f6 6. e4 Nge7 7. Be3 Be6 8. Nc3 d4
9. Nd5 dxe3 10. Nxe3 Nd4 11. c3 Nxf3+ 12. Bxf3 Qd7 13. b3 Rd8 14. c4 Qxd3 0-1

[Event "AUTO-OPEN-2969"]
[Site "http://www.queenalice.com/game.php?id=1172725"]
[Date "2013.4.17"]
[Round "1"]
[White "CCapivara"]
[Black "Ducato"]
[Result "1-0"]
[WhiteElo "2090"]
[BlackElo "1091"]

1. e4 g6 2. d4 d5 3. exd5 Qxd5 4. Nf3 Bg7 5. Be2 Nf6 6. O-O O-O 7. c4 c5 8. cxd5
Nxd5 9. Nc3 cxd4 10. Nxd5 Be6 11. Nc7 Nc6 12. Nxa8 Rxa8 13. Bg5 a5 14. b3 Rd8
15. Bc4 Rd7 16. Bxe6 1-0

[Event "AUTO-OPEN-2969"]
[Site "http://www.queenalice.com/game.php?id=1172726"]
[Date "2013.4.17"]
[Round "1"]
[White "Ducato"]
[Black "italomachado"]
[Result "0-1"]
[WhiteElo "1091"]
[BlackElo "1572"]

1. d4 e6 2. Nf3 Bb4+ 3. Bd2 a5 4. c3 Bd6 5. e3 Nf6 6. Be2 Ng4 7. Qa4 c6 8. O-O
h5 9. Na3 h4 10. Nc4 b5 11. b3 bxa4 12. Nxd6+ Ke7 13. Ne4 d5 14. Bd1 h3 15. g3
axb3 16. axb3 Qb6 0-1

[Event "Let's Play Chess!"]
[Site "http://www.queenalice.com/game.php?id=1635812"]
[Date "2020.12.9"]
[Round "-"]
[White "igorjava"]
[Black "Ducato"]
[Result "1-0"]
[WhiteElo "1964"]
[BlackElo "1089"]

1. e4 g6 2. f4 Bg7 3. Nf3 Nh6 4. c4 O-O 5. Nc3 d6 6. d4 Be6 7. Be2 Qd7 8. h3 a6
9. Ng5 f5 10. Nxe6 Qxe6 11. e5 dxe5 12. dxe5 Nc6 13. Be3 Rad8 14. Qb3 Rb8 15.
O-O Nf7 16. Bf3 Bh6 17. Bd5 Qc8 18. Ne2 Bg7 19. Rad1 Na5 20. Qc3 b6 21. b4 Nb7
22. c5 Qd8 23. Bxf7+ Kh8 24. Rxd8 Rbxd8 25. Be6 a5 26. c6 axb4 27. Qxb4 Na5 28.
Bd7 Rf7 29. Nd4 1-0

[Event "Let's Play Chess!"]
[Site "http://www.queenalice.com/game.php?id=1635813"]
[Date "2020.12.9"]
[Round "-"]
[White "Ducato"]
[Black "igorjava"]
[Result "0-1"]
[WhiteElo "1089"]
[BlackElo "1957"]

1. e4 c5 2. d3 Nc6 3. Be3 b6 4. Nf3 e5 5. Be2 Nf6 6. O-O Be7 7. Nc3 Bb7 8. a4 d6
9. Bg5 O-O 10. b3 Nd7 11. Qd2 f5 12. exf5 Rxf5 13. h4 h6 14. Ne4 hxg5 15. Rfc1
gxh4 16. c4 Rf4 17. Rc3 Qf8 18. Kf1 Qf5 0-1

[Event "Challenge"]
[Site "http://www.queenalice.com/game.php?id=1636128"]
[Date "2020.12.11"]
[Round "-"]
[White "Ducato"]
[Black "lrschenk"]
[Result "0-1"]
[WhiteElo "1089"]
[BlackElo "1746"]

1. e4 Nf6 2. d3 e5 3. Nf3 Ng4 4. Be3 Bb4+ 5. Bd2 Nxf2 6. Kxf2 Bc5+ 7. Be3 Bxe3+
8. Kxe3 Qf6 9. Be2 Qb6+ 10. Kd2 Qxb2 11. Nc3 Qb6 12. Ke1 Qe6 13. Kf1 c6 14. h4
h6 15. Rh3 d6 16. Qe1 Qf6 17. Qg3 Bxh3 18. Qxh3 Nd7 19. Rb1 b5 20. Rd1 Qd8 21.
Rb1 Qa5 22. Rb3 Nc5 23. Qg3 O-O 24. Qf2 Nxb3 25. Qe1 Nc5 26. Qa1 b4 27. Nd1 b3
28. Nd2 Qxd2 29. axb3 Qf4+ 30. Nf2 Qxh4 31. c3 Ne6 32. Ke1 Nf4 33. Qa3 Nxg2+ 34.
Kd2 Qf4+ 0-1

[Event "AUTO-OPEN-4242"]
[Site "http://www.queenalice.com/game.php?id=1637911"]
[Date "2020.12.28"]
[Round "1"]
[White "rich"]
[Black "Ducato"]
[Result "1-0"]
[WhiteElo "2109"]
[BlackElo "1067"]

1. e4 e5 2. Nf3 c6 3. d4 d5 4. exd5 Ne7 5. dxc6 Nexc6 6. d5 Ne7 7. c4 Ng6 8. Nc3
Bd6 9. Bd3 O-O 10. O-O Nd7 11. Ne4 1-0

[Event "AUTO-OPEN-4242"]
[Site "http://www.queenalice.com/game.php?id=1637912"]
[Date "2020.12.28"]
[Round "1"]
[White "Ducato"]
[Black "rich"]
[Result "0-1"]
[WhiteElo "1067"]
[BlackElo "2110"]

1. e4 c5 2. c3 d5 3. Ne2 Nc6 4. exd5 Qxd5 5. Qc2 e5 6. c4 Qd8 7. Na3 Nf6 8. Ng3
Be6 9. Bd3 Nb4 10. Qa4+ Qd7 11. Qb3 Nxd3+ 12. Kd1 Nxf2+ 13. Kc2 Nxh1 14. Nxh1
Bf5+ 0-1

[Event "AUTO-OPEN-4242"]
[Site "http://www.queenalice.com/game.php?id=1637941"]
[Date "2020.12.28"]
[Round "1"]
[White "Ducato"]
[Black "ignacius_01"]
[Result "0-1"]
[WhiteElo "1089"]
[BlackElo "1966"]

1. e4 c5 2. d3 Nc6 3. Nc3 e6 4. g3 g6 5. Be3 d6 6. Be2 Bg7 7. Qd2 Nf6 8. O-O-O
Nd4 9. Bh6 O-O 10. Nf3 Nxe2+ 11. Qxe2 Bxh6+ 12. Kb1 e5 13. h4 Nh5 14. Rdg1 Bg4
0-1

[Event "AUTO-OPEN-4242"]
[Site "http://www.queenalice.com/game.php?id=1637942"]
[Date "2020.12.28"]
[Round "1"]
[White "ignacius_01"]
[Black "Ducato"]
[Result "1-0"]
[WhiteElo "1968"]
[BlackElo "1089"]

1. d4 d5 2. c4 dxc4 3. e3 b5 4. Nc3 e6 5. Nxb5 Ba6 6. Nc3 Ne7 7. Nf3 Nd5 8. a3
Be7 9. Qa4+ c6 10. Ne5 Qc8 11. Bxc4 O-O 12. Bxa6 Qe8 13. Bb7 Nb6 14. Qb3 1-0